000 01597nam0a2200313 i 4500
001 RU\NLR\BIBL_A\011220116
005 20240921185252.0
010 _a9785906807612
_94000
021 _aRU
_b2016-70076
_94514
035 _a(NLR Aleph) 011220116
090 _a12019917
_c12019917
100 _a20160928d2016 bm y0rusy50 ca
101 0 _arus
102 _aRU
105 _aa j 000zy
200 1 _aКто как говорит?
_eзанятия с ребенком от 0 до 1 года
_eрастём, играем, развиваемся!
_e[рекомендуется детям с рождения
_eметодическое пособие для педагогов и родителей
_fхудож.-дизайнеры: Кожевникова М., Исакова С.]
210 _aЕкатеринбург
_cСима-ленд
_d2016
215 _a15 c.
_cцв. ил.
_d19
225 1 _aПервые знания
309 _aВложено с пятью другими кн. в папку с загл.: Занятия с ребенком от 0 до 1 года: полный годовой курс: 6 книг
517 1 _aЗанятия с ребенком от 0 до 1 года
_eполный годовой курс
_e6 книг
606 1 _aГрудные дети
_jМетодические пособия
_xВоспитание в семье
_92534562
_3RU\NLR\AUTH\661501062
686 1 _aЧ491.31-111я8
702 1 _aКожевникова
_bМ.
_4440
702 1 _aИсакова
_bС.
_4440
942 _cBOOK
980 _aNBR